000 00763nam a2200289Ia 4500
005 20260324114925.0
008 008 260324s9999 xx 000 0 eng d
020 _a9781003082262
037 _aEBOOK
040 _aCRL
040 _beng
040 _cCRL
041 _2eng
041 _aeng
084 _qCRL
100 _aGuttila Yugantha Jayasinghe; Shehani Sharadha Maheepala; Prabuddhi Chathurika Wijekoon
_91152685
245 0 _aGreen Productivity and Cleaner Production
245 2 _bA Guidebook for Sustainability
260 _bTaylor and Francis
260 _c2020
365 _a
365 _b195
856 _uhttp://www.taylorfrancis.com/books/9781003082262
942 _cEBOOK
999 _c1743170
_d1743170